|
|
|
|
| LEADER |
00646cam a2200205 7i4500 |
| 001 |
0000067281 |
| 005 |
20220322090000.0 |
| 020 |
|
|
|a 9789675370427 (paperback)
|
| 090 |
0 |
0 |
|a BP189
|b .Y87 2011
|
| 100 |
0 |
|
|a Yusri Abd. Karim
|
| 245 |
1 |
0 |
|a Indahnya tasawuf dan hidup sufi
|c Ustaz Yusri Abd. Karim.
|
| 264 |
|
|
|a Batu Caves, selangor:
|b Yamani Angle,
|c 2011.
|
| 300 |
|
|
|a xii, 276 pages;
|c 21 cm.
|
| 336 |
|
|
|a text
|2 rdacontent
|
| 337 |
|
|
|a unmediated
|2 rdamedia
|
| 338 |
|
|
|a volume
|2 rdacarrier
|
| 650 |
|
0 |
|a Sufism
|
| 650 |
|
0 |
|a Religious life --
|x Islam
|
| 650 |
|
0 |
|a Islam --
|x Doctrines
|
| 999 |
|
|
|a 0000070004
|b BOK
|c OPEN SHELF
|e 1st Floor, Bestari Jaya
|